00702nam a2200193Ia 4500999001500000020001800015082001500033100002200048245007200070260003900142300001400181504003600195650004200231650004800273650003700321700002200358942000700380952012100387 c7115d7115 a9781594516573 a305.8 HAL- aHall, Thomas D./a 0aIndigenous peoples and globalization: resistance and revitalization aBoulderbParadigm Publishersc2009 axvii, 185 aincludes bibliography and index aIndigenous peoplesvSocial conditions aIndigenous peoplesvPolitics and government aGlobalizationvPolitical aspects aFenelon, James V. cBK 00104070aNASSDOCbNASSDOCd2010-04-05eSSSi2010-03-26l0o305.8 HAL-p46161r2019-04-18 00:00:00w2019-04-18yBK